000 00760nam a2200217 i 4500
001 59273
003 ES-MaACL
005 20251207063032.0
007 t|
008 031028s1972 sp |||| | spa d
100 1 _aElliott, J. H.,
_d1930-
_947042
245 1 3 _aEl Viejo Mundo y el Nuevo
_b: (1492-1650) /
_cJ.H. Elliot ; [traductor, Rafael Sánchez Mantero].
260 _aMadrid :
_bAlianza,
_c[1972]
300 _a157 p. ;
_c18 cm.
651 4 _aEuropa-
_xCivilización-
_yS.XVI.
_9166095
651 4 _aEuropa-
_xCivilización-
_yS.XVII.
_9166096
651 4 _aAmérica española-
_xHistoria-
_y1492-1600 (Descubrimiento y conquista)
_97724
700 1 _aSánchez Mantero, Rafael.
_9102746
852 _aES-MaACL
_jC-45493
999 _c59273
_d59273